Cancer: The Forbidden Cures (Record no. 335022)
[ view plain ]
| 000 -LEADER | |
|---|---|
| fixed length control field | 00506nam a2200097Ia 4500 |
| 008 - FIXED-LENGTH DATA ELEMENTS--GENERAL INFORMATION | |
| fixed length control field | 170517s9999 xx 000 0 und d |
| 245 ## - TITLE STATEMENT | |
| Title | Cancer: The Forbidden Cures |
| 300 ## - PHYSICAL DESCRIPTION | |
| Extent | Cancer claims the lives of thousands of Americans every day, but it also results in tens of billions of dollars in revenue for the medical and pharmaceutical industries. Why would these industries champion a cure for the disease when... |
| 650 ## - SUBJECT ADDED ENTRY--TOPICAL TERM | |
| General subdivision | Technology. |
| 856 ## - ELECTRONIC LOCATION AND ACCESS | |
| Uniform Resource Identifier | <a href="http://topdocumentaryfilms.com/cancer-forbidden-cures/">http://topdocumentaryfilms.com/cancer-forbidden-cures/</a> |
| Withdrawn status | Lost status | Damaged status | Home library | Current library | Date acquired | Total Checkouts | Date last seen | Price effective from | Koha item type |
|---|---|---|---|---|---|---|---|---|---|
| College Library | College Library | 05/17/2017 | 05/17/2017 | 05/17/2017 | Documentary Films |